| 000 | 00419nam a2200157 i 4500 | ||
|---|---|---|---|
| 001 | 20616 | ||
| 003 | ES-MaACL | ||
| 005 | 20230906152332.0 | ||
| 007 | t| | ||
| 008 | 021115s1980 sp ||||1| spa d | ||
| 100 | 1 |
_aAckerman, James S. _918276 |
|
| 245 | 1 | 0 |
_aPalladio / _cJames S. Ackerman. |
| 260 |
_a[Madrid] : _bXarait, _c[1980] |
||
| 300 |
_aXXIV, 151 p. : _bil. ; _c20 cm. |
||
| 852 |
_aES-MaACL _jL-3929 _bR.104690 |
||
| 999 |
_c20616 _d20616 |
||